| 000 | 00538nam a2200145Ia 4500 | ||
|---|---|---|---|
| 008 | 220216s9999 xx 000 0 und d | ||
| 100 | _aGeorge S | ||
| 245 | 0 | _aImpact of weeds and comparative studies of legumes natural covers in rubber plantations | |
| 260 | _bBiennial Conference on Weed Threat to Agriculture, Biodiversity and Environment, 19-20 April 2012, Kerala Agricultural University, Thrissur, India, p. 105. | ||
| 650 | _aLegume cover | ||
| 650 | _aRubber plantation | ||
| 650 | _aWeeds | ||
| 856 | _uRef only | ||
| 942 | _cJS | ||
| 999 |
_c60780 _d60780 |
||